000 005130000a22001810004500
003 MACL
005 20151212124104.0
008 151212b xxu||||| |||| 00| 0 eng d
040 _aMACL
_cMACL
041 _aHindi
082 _a741.642
100 _aहरीश चन्‍द संसी
_920033
245 _a121 दिमागी कसरतें
260 _bअनु प्रकाशन
_c2005
350 _a175
650 _aचिल्‍डन बुक
_9314
942 _cHIN
_k741.642
_2ddc
999 _c18884
_d18884